000
00287nam a2200121Ia 4500
008
191201s2012 xx 000 0 und d
100
_a
SINGH,Sadhu
245
0
_a
Strength of Materials
260
_a
N. Delhi
_b
Khanna pub
_c
2012
300
_a
1210
650
_a
B.Tech(CE)
942
_2
ddc
_c
BK
999
_c
6333
_d
6333